|
|
|
|
| LEADER |
00000nam0a2200000 4500 |
| 001 |
241560 |
| 005 |
20231101231825.0 |
| 020 |
|
|
|a RU
|b 90-39560
|
| 035 |
|
|
|a (RuTPU)RU\TPU\book\262835
|
| 090 |
|
|
|a 241560
|
| 100 |
|
|
|a 20130805d1989 k a0rusy5003 ca
|
| 101 |
0 |
|
|a rus
|
| 102 |
|
|
|a RU
|
| 105 |
|
|
|a a z 001zy
|
| 200 |
1 |
|
|a Вопросы технической диагностики
|e сборник научных трудов
|f Ростовский инженерно-строительный институт ; под ред. М. А. Фальковича
|
| 210 |
|
|
|a Ростов н/Д
|c РИСИ
|d 1989
|
| 215 |
|
|
|a 173,11 с.
|c ил.
|d 20 см
|
| 320 |
|
|
|a Библиогр. в конце ст.
|
| 606 |
1 |
|
|a Техническая диагностика
|x Автоматика
|2 stltpush
|3 (RuTPU)RU\TPU\subj\60044
|9 77534
|
| 610 |
1 |
|
|a автоматика
|
| 610 |
1 |
|
|a диагностирование
|
| 610 |
1 |
|
|a математические модели
|
| 610 |
1 |
|
|a экспертные системы
|
| 675 |
|
|
|a 681.518.54(082)
|z rus
|
| 702 |
|
1 |
|a Фалькович
|b М. А.
|4 340
|
| 712 |
0 |
2 |
|a Ростовский инженерно-строительный институт
|2 stltpush
|3 (RuTPU)RU\TPU\col\10045
|9 24785
|
| 801 |
|
0 |
|a RU
|b RuMRKP
|c 19950417
|g psbo
|
| 801 |
|
1 |
|a RU
|b 63413507
|c 20130805
|
| 801 |
|
2 |
|a RU
|b 63413507
|c 20130916
|g RCR
|
| 942 |
|
|
|c BK
|